[Event "24th Chicago Open"]
[Site "Wheeling, IL"]
[Date "2015.05.22"]
[Round "2"]
[White "Shankar, Gauri"]
[Black "Chirila, Ioan"]
[Result "1/2-1/2"]
[WhiteElo "2307"]
[BlackElo "2542"]
[PlyCount "81"]
[EventDate "2015.05.??"]
[EventType "swiss"]
[EventRounds "9"]
[EventCountry "USA"]
[Source "MonRoi"]

1. e4 e5 2. Nf3 Nc6 3. Bc4 Nf6 4. d3 Bc5 5. O-O d6 6. c3 a6 7. Bb3 Ba7 8. Re1
h6 9. Nbd2 O-O 10. h3 Re8 11. Nf1 Be6 12. Bc2 d5 13. exd5 Qxd5 14. Ng3 Rad8 15.
Qe2 Qd7 16. Be3 Bxe3 17. fxe3 Nd5 18. d4 exd4 19. exd4 Bxh3 20. Qd3 g6 21. gxh3
Qxh3 22. Nh2 Ncb4 23. cxb4 Nxb4 24. Qb3 Nxc2 25. Rxe8+ Rxe8 26. Rf1 Re6 27.
Qxc2 Qxg3+ 28. Qg2 Qxg2+ 29. Kxg2 Kg7 30. Nf3 c6 31. Re1 Kf6 32. Ne5 Ke7 33.
Kf2 g5 34. b4 h5 35. Rh1 h4 36. Nf3 f6 37. a4 Re4 38. b5 axb5 39. axb5 Kd6 40.
bxc6 bxc6 41. Rc1 1/2-1/2

[Event "24th Chicago Open"]
[Site "Wheeling, IL"]
[Date "2015.05.22"]
[Round "2"]
[White "Patel, Advait"]
[Black "Mitkov, Nikola"]
[Result "1/2-1/2"]
[WhiteElo "2204"]
[BlackElo "2479"]
[PlyCount "37"]
[EventDate "2015.05.??"]
[EventType "swiss"]
[EventRounds "9"]
[EventCountry "USA"]
[Source "MonRoi"]

1. e4 e5 2. Nf3 Nc6 3. Bb5 Bc5 4. O-O Qf6 5. c3 Nge7 6. d4 exd4 7. e5 Nxe5 8.
Nxe5 Qxe5 9. Re1 Qf6 10. Nd2 Qb6 11. a4 a6 12. b4 Bxb4 13. cxb4 axb5 14. a5 Qg6
15. Qe2 Qe6 16. Qf1 Qd5 17. Qe2 Qe6 18. Qf1 Qd5 19. Qe2 1/2-1/2

[Event "24th Chicago Open"]
[Site "Wheeling, IL"]
[Date "2015.05.22"]
[Round "2"]
[White "Mulyar, Michael"]
[Black "Indusekar, Akshay"]
[Result "1-0"]
[WhiteElo "2402"]
[BlackElo "2047"]
[PlyCount "83"]
[EventDate "2015.05.??"]
[EventType "swiss"]
[EventRounds "9"]
[EventCountry "USA"]
[Source "MonRoi"]

1. d4 d5 2. Nf3 Nf6 3. c4 dxc4 4. e3 b5 5. a4 b4 6. Bxc4 e6 7. O-O Be7 8. Qe2
Bb7 9. Nbd2 Nbd7 10. b3 O-O 11. Bb2 c5 12. Rfd1 Qa5 13. Bd3 Rac8 14. Nc4 Qc7
15. dxc5 Bxc5 16. Rac1 Rfd8 17. Nfe5 Nxe5 18. Nxe5 Qe7 19. Ba6 Rxd1+ 20. Rxd1
h6 21. Nd7 Bxa6 22. Qxa6 Rd8 23. Bxf6 gxf6 24. a5 Kg7 25. Qc6 Qe8 26. h3 Be7
27. Qb7 a6 28. Rd4 f5 29. Ne5 Rb8 30. Qxa6 Bf6 31. Nd7 Bxd4 32. Nxb8 Bxe3 33.
Qb7 Bc5 34. Nd7 Qd8 35. a6 Qa5 36. Nxc5 Qa1+ 37. Kh2 Qe5+ 38. g3 Qxc5 39. Kg2
f4 40. gxf4 Qd4 41. a7 Qxf4 42. Qf3 1-0

[Event "24th Chicago Open"]
[Site "Wheeling, IL"]
[Date "2015.05.22"]
[Round "2"]
[White "Hilby, Craig"]
[Black "Vibbert, Sean"]
[Result "1/2-1/2"]
[WhiteElo "2224"]
[BlackElo "2312"]
[PlyCount "130"]
[EventDate "2015.05.??"]
[EventType "swiss"]
[EventRounds "9"]
[EventCountry "USA"]
[Source "MonRoi"]

1. e4 c5 2. Nf3 e6 3. d4 cxd4 4. Nxd4 Nc6 5. Nc3 Qc7 6. Be3 a6 7. Qd2 Nxd4 8.
Bxd4 Ne7 9. O-O-O Nc6 10. Be3 Be7 11. Bf4 Ne5 12. Bg3 d6 13. f4 Nc6 14. Kb1 O-O
15. h4 b5 16. h5 b4 17. Ne2 f5 18. Qe3 Qa7 19. Qxa7 Rxa7 20. exf5 Rxf5 21. Bf2
Ra8 22. g4 Rf8 23. Bg2 Bd7 24. Bg3 Rad8 25. Rhe1 e5 26. f5 g6 27. hxg6 hxg6 28.
fxg6 Kg7 29. Be4 Nb8 30. Rh1 Rh8 31. Bf5 Rxh1 32. Rxh1 Rh8 33. Rxh8 Kxh8 34.
Nc1 Kg7 35. Nd3 Bxf5 36. gxf5 Nc6 37. Bf2 Bg5 38. Bb6 e4 39. Nf2 e3 40. Ne4 e2
41. Bf2 Be3 42. Be1 Nd4 43. Ng3 Nf3 44. Bxb4 e1=Q+ 45. Bxe1 Nxe1 46. Nh5+ Kf8
47. g7+ Kf7 48. Nf6 Kxg7 49. Ne8+ Kf7 50. Nxd6+ Kf6 51. b4 Nf3 52. c3 Ke7 53.
Ne4 Nd2+ 54. Nxd2 Bxd2 55. Kc2 Be1 56. Kb3 Kf6 57. c4 Kxf5 58. Ka4 Ke5 59. Ka5
Bd2 60. a3 Bc1 61. a4 Bd2 62. Kxa6 Bxb4 63. Kb5 Bd2 64. a5 Kd6 65. Kb6 Bxa5+
1/2-1/2

[Event "24th Chicago Open"]
[Site "Wheeling, IL"]
[Date "2015.05.22"]
[Round "2"]
[White "Przybek, Marek"]
[Black "Colas, Joshua"]
[Result "1-0"]
[WhiteElo "2170"]
[BlackElo "2292"]
[PlyCount "83"]
[EventDate "2015.05.??"]
[EventType "swiss"]
[EventRounds "9"]
[EventCountry "USA"]
[Source "MonRoi"]

1. e4 c5 2. Nf3 e6 3. d3 Nc6 4. c3 d5 5. Qc2 Be7 6. Bf4 Nf6 7. Nbd2 O-O 8. h3
Nd7 9. g4 b6 10. Bg2 Bb7 11. Bg3 Rc8 12. O-O d4 13. c4 f5 14. exf5 exf5 15.
gxf5 Rxf5 16. Ne4 Qf8 17. Qe2 Kh8 18. Nfd2 Nde5 19. f4 Ng6 20. Ng5 Bxg5 21.
fxg5 Nf4 22. Bxf4 Rxf4 23. Rae1 Na5 24. Ne4 Re8 25. Qd2 Rxf1+ 26. Rxf1 Qe7 27.
Qf4 Kg8 28. Re1 Kh8 29. Rf1 Kg8 30. Re1 Kh8 31. h4 Rf8 32. Qg3 Bxe4 33. Rxe4
Qf7 34. h5 Qxh5 35. Rh4 Qe2 36. g6 h5 37. Qg5 Rf6 38. Re4 Qd1+ 39. Kh2 Rf8 40.
Qe7 Kg8 41. Qe6+ Kh8 42. Qf7 1-0

[Event "24th Chicago Open"]
[Site "Wheeling, IL"]
[Date "2015.05.22"]
[Round "3.1"]
[White "Harmon-Vellotti, Luke"]
[Black "Nyzhnyk, Illia"]
[Result "1/2-1/2"]
[WhiteElo "2412"]
[BlackElo "2622"]
[PlyCount "36"]
[EventDate "2015.05.??"]
[EventType "swiss"]
[EventRounds "9"]
[EventCountry "USA"]
[Source "MonRoi"]
[WhiteClock "1:20:27"]
[BlackClock "1:41:03"]

1. d4 d5 2. c4 dxc4 3. Nf3 Nf6 4. e3 e6 5. Bxc4 a6 6. O-O c5 7. Qe2 Nc6 8. Rd1
cxd4 9. exd4 Be7 10. Nc3 Nb4 11. Bg5 O-O 12. Bb3 Nbd5 13. Ne5 h6 14. Bh4 Bd7
15. Bxf6 Nxc3 16. bxc3 Bxf6 17. d5 exd5 18. Nxd7 Qxd7 1/2-1/2

[Event "24th Chicago Open"]
[Site "Wheeling, IL"]
[Date "2015.05.22"]
[Round "3.2"]
[White "Dobrov, Vladimir"]
[Black "Azarov, Sergei"]
[Result "1/2-1/2"]
[WhiteElo "2490"]
[BlackElo "2619"]
[PlyCount "26"]
[EventDate "2015.05.??"]
[EventType "swiss"]
[EventRounds "9"]
[EventCountry "USA"]
[Source "MonRoi"]
[WhiteClock "1:37:49"]
[BlackClock "1:17:13"]

1. Nf3 d5 2. e3 Nf6 3. c4 e6 4. b3 Be7 5. Bb2 O-O 6. Nc3 c5 7. cxd5 exd5 8. d4
Nc6 9. Be2 Ne4 10. O-O Bf6 11. Rc1 cxd4 12. Nxe4 dxe4 13. Nxd4 Nxd4 1/2-1/2

[Event "24th Chicago Open"]
[Site "Wheeling, IL"]
[Date "2015.05.22"]
[Round "3.3"]
[White "Avrukh, Boris"]
[Black "Bregadze, Levan"]
[Result "1/2-1/2"]
[WhiteElo "2609"]
[BlackElo "2484"]
[PlyCount "49"]
[EventDate "2015.05.??"]
[EventType "swiss"]
[EventRounds "9"]
[EventCountry "USA"]
[Source "MonRoi"]
[WhiteClock "0:33:48"]
[BlackClock "1:00:16"]

1. d4 d5 2. c4 c6 3. Nf3 Nf6 4. Qb3 dxc4 5. Qxc4 Bf5 6. g3 Nbd7 7. Bg2 e6 8.
O-O Be7 9. e3 O-O 10. Rd1 Ne4 11. Qe2 Qc7 12. Nfd2 Nxd2 13. Nxd2 Bc2 14. Re1 c5
15. Nc4 Ba4 16. d5 exd5 17. Bxd5 Bb5 18. e4 Ne5 19. b3 Bf6 20. Bf4 Qe7 21. Rad1
Rad8 22. Kg2 b6 23. Qc2 Bd7 24. h3 Bc8 25. Nxe5 1/2-1/2

[Event "24th Chicago Open"]
[Site "Wheeling, IL"]
[Date "2015.05.22"]
[Round "3.4"]
[White "Sevian, Samuel"]
[Black "Aponte, Felix"]
[Result "1-0"]
[WhiteElo "2565"]
[BlackElo "2412"]
[PlyCount "75"]
[EventDate "2015.05.??"]
[EventType "swiss"]
[EventRounds "9"]
[EventCountry "USA"]
[Source "MonRoi"]
[WhiteClock "0:31:31"]
[BlackClock "0:24:08"]

1. e4 c5 2. Nf3 Nc6 3. d4 cxd4 4. Nxd4 e5 5. Nb5 d6 6. N1c3 a6 7. Na3 b5 8. Nd5
Nf6 9. Bg5 Be7 10. Bxf6 Bxf6 11. c4 b4 12. Nc2 O-O 13. g3 Bg5 14. Bg2 a5 15.
O-O Be6 16. Qd3 Rb8 17. Rad1 Qd7 18. Kh1 Bxd5 19. cxd5 Nd8 20. f4 Bf6 21. Ne3
Nb7 22. Qe2 Rfe8 23. Nc4 Qb5 24. b3 Rbd8 25. fxe5 Rxe5 26. Rf2 Rg5 27. e5 dxe5
28. d6 Nc5 29. Rd5 e4 30. Rxg5 Bxg5 31. Rf5 Bf6 32. Qe3 Rc8 33. Bxe4 Qe8 34.
Rxc5 Rxc5 35. Bxh7+ Kf8 36. Qxc5 Qe1+ 37. Kg2 Qe2+ 38. Qf2 1-0

[Event "24th Chicago Open"]
[Site "Wheeling, IL"]
[Date "2015.05.22"]
[Round "3"]
[White "Shetty, Atulya"]
[Black "Batista, Lazaro"]
[Result "0-1"]
[WhiteElo "2331"]
[BlackElo "2684"]
[PlyCount "70"]
[EventDate "2015.05.??"]
[EventType "swiss"]
[EventRounds "9"]
[EventCountry "USA"]
[Source "MonRoi"]

1. c4 e5 2. g3 Nc6 3. Nc3 Bc5 4. Bg2 a6 5. e3 Ba7 6. Nge2 d6 7. O-O h5 8. d4 h4
9. b4 hxg3 10. fxg3 Nf6 11. Nd5 Nxd5 12. cxd5 Ne7 13. Kh1 Bg4 14. dxe5 dxe5 15.
Qd3 Qd6 16. Ng1 c6 17. e4 Rd8 18. Be3 Bxe3 19. Qxe3 cxd5 20. exd5 Nxd5 21. Qg5
Qh6 22. Qxe5+ Be6 23. h3 Ne3 24. Bxb7 Nxf1 25. Rxf1 O-O 26. Bg2 Bxa2 27. Nf3
Rfe8 28. Qc3 Bd5 29. Kh2 Re2 30. Qc7 Rde8 31. Qd7 Rxg2+ 32. Kxg2 Re2+ 33. Rf2
Bxf3+ 34. Kxf3 Qe3+ 35. Kg4 Rxf2 0-1

[Event "24th Chicago Open"]
[Site "Wheeling, IL"]
[Date "2015.05.22"]
[Round "3"]
[White "Naroditsky, Daniel"]
[Black "Mulyar, Michael"]
[Result "1-0"]
[WhiteElo "2622"]
[BlackElo "2402"]
[PlyCount "71"]
[EventDate "2015.05.??"]
[EventType "swiss"]
[EventRounds "9"]
[EventCountry "USA"]
[Source "MonRoi"]

1. d4 d5 2. c4 c6 3. Nf3 Nf6 4. g3 Bg4 5. Ne5 Bf5 6. cxd5 cxd5 7. Nc3 Nc6 8. f3
Bd7 9. Nxd7 Qxd7 10. e4 e6 11. e5 Ng8 12. Be3 Nge7 13. Bf2 h5 14. Bd3 Nf5 15.
Ne2 Bb4+ 16. Kf1 Be7 17. a3 g6 18. b4 a6 19. h3 Kf8 20. Kg2 Kg7 21. f4 Rac8 22.
Qd2 Nh6 23. Kf3 f5 24. exf6+ Bxf6 25. Kg2 Kf7 26. Rac1 Nf5 27. g4 Nfxd4 28.
Nxd4 Nxd4 29. g5 Rxc1 30. Rxc1 Bg7 31. Bxd4 Bxd4 32. Bxg6+ Kxg6 33. Qd3+ Kf7
34. g6+ Ke8 35. Qxd4 Rg8 36. Qf6 1-0

[Event "24th Chicago Open"]
[Site "Wheeling, IL"]
[Date "2015.05.22"]
[Round "3"]
[White "Shen, Victor"]
[Black "Troff, Kayden"]
[Result "1/2-1/2"]
[WhiteElo "2394"]
[BlackElo "2556"]
[PlyCount "63"]
[EventDate "2015.05.??"]
[EventType "swiss"]
[EventRounds "9"]
[EventCountry "USA"]
[Source "MonRoi"]

1. e4 c5 2. Nf3 d6 3. d4 cxd4 4. Nxd4 Nf6 5. Nc3 a6 6. Be2 e5 7. Nb3 Be7 8. O-O
O-O 9. Qd3 Be6 10. Nd5 Nc6 11. a3 a5 12. Be3 Nd7 13. Rad1 a4 14. Na1 Bg5 15. c3
Bxd5 16. Bxg5 Qxg5 17. Qxd5 Nf6 18. Qxd6 Nxe4 19. Qd5 Nf6 20. Qb5 Rfb8 21. Nc2
Ra5 22. Qc4 e4 23. Ne3 Rba8 24. Kh1 Rc5 25. Qa2 h6 26. Qb1 Qe5 27. Qc2 b5 28.
Qd2 Rd8 29. Qc2 Rc8 30. Qd2 Rd8 31. Qc2 Rc8 32. Qd2 1/2-1/2

[Event "24th Chicago Open"]
[Site "Wheeling, IL"]
[Date "2015.05.22"]
[Round "3"]
[White "Kiewra, Keaton"]
[Black "Carmenate, Holden"]
[Result "1/2-1/2"]
[WhiteElo "2394"]
[BlackElo "2544"]
[PlyCount "80"]
[EventDate "2015.05.??"]
[EventType "swiss"]
[EventRounds "9"]
[EventCountry "USA"]
[Source "MonRoi"]

1. d4 Nf6 2. Nf3 e6 3. Bg5 h6 4. Bh4 g5 5. Bg3 Nh5 6. e3 Nxg3 7. hxg3 Bg7 8.
Bd3 Qe7 9. c3 c5 10. Nbd2 d5 11. Qe2 Nc6 12. dxc5 Qxc5 13. e4 Bd7 14. exd5 Qxd5
15. Nc4 g4 16. Nfd2 Ne5 17. Be4 Qc5 18. Bxb7 Rb8 19. Ne4 Qc7 20. Ned6+ Ke7 21.
Nxe5 Qxd6 22. Nxd7 Rxb7 23. Rd1 Qc6 24. Qxg4 Bxc3+ 25. bxc3 Qxc3+ 26. Ke2 Rb4
27. Qf3 Rb2+ 28. Kf1 Qxf3 29. gxf3 Rd8 30. Rxh6 Rxd7 31. Rxd7+ Kxd7 32. a4 Ra2
33. Rf6 Ke7 34. Rf4 a5 35. Rc4 Kd6 36. g4 f6 37. Rf4 Ke5 38. Re4+ Kd5 39. Rf4
Ke5 40. Re4+ Kd5 1/2-1/2

[Event "24th Chicago Open"]
[Site "Wheeling, IL"]
[Date "2015.05.22"]
[Round "3"]
[White "Chirila, Ioan"]
[Black "Ghatti, Sanjay"]
[Result "1/2-1/2"]
[WhiteElo "2542"]
[BlackElo "2255"]
[PlyCount "87"]
[EventDate "2015.05.??"]
[EventType "swiss"]
[EventRounds "9"]
[EventCountry "USA"]
[Source "MonRoi"]

1. d4 d5 2. c4 e6 3. Nc3 Nf6 4. Nf3 Be7 5. Bf4 c5 6. dxc5 Na6 7. cxd5 exd5 8.
e3 Nxc5 9. Bb5+ Bd7 10. Bxd7+ Qxd7 11. O-O O-O 12. Qe2 Rac8 13. Rfd1 Rfd8 14.
Be5 Qf5 15. h3 Nce4 16. Qb5 Nxc3 17. Bxc3 Rd7 18. Be5 a6 19. Qb3 h6 20. Rdc1
Rxc1+ 21. Rxc1 Ne4 22. Qc2 Rd8 23. Qc7 Qd7 24. Nd4 Bh4 25. g3 Be7 26. Kg2 f6
27. Bf4 Kf7 28. Qb6 Rc8 29. Rc7 Rxc7 30. Bxc7 Ng5 31. h4 Qh3+ 32. Kg1 Ne4 33.
Qxb7 Qd7 34. Qa8 Bc5 35. Bf4 g5 36. hxg5 hxg5 37. Bb8 Bxd4 38. exd4 Qf5 39. f3
Qxf3 40. Qxd5+ Kg7 41. Qd7+ Kg6 42. Qe8+ Kg7 43. Qd7+ Kg6 44. Qe8+ 1/2-1/2

[Event "24th Chicago Open"]
[Site "Wheeling, IL"]
[Date "2015.05.22"]
[Round "3"]
[White "Karagianis, Petros"]
[Black "Homa, Seth"]
[Result "1-0"]
[WhiteElo "2162"]
[BlackElo "2366"]
[PlyCount "65"]
[EventDate "2015.05.??"]
[EventType "swiss"]
[EventRounds "9"]
[EventCountry "USA"]
[Source "MonRoi"]

1. d4 Nf6 2. c4 e6 3. Nf3 c5 4. d5 d6 5. Nc3 exd5 6. cxd5 g6 7. Bf4 a6 8. a4
Bg7 9. h3 O-O 10. Nd2 Re8 11. e3 Nbd7 12. Nc4 Ne5 13. Bxe5 dxe5 14. a5 e4 15.
Be2 h5 16. Qd2 Bf5 17. Nb6 Rb8 18. d6 Be6 19. Nca4 Bf8 20. Rd1 Bb3 21. O-O Bxd1
22. Rxd1 Nd7 23. Nxd7 Qxd7 24. Nb6 Qf5 25. d7 Red8 26. Bc4 Bg7 27. Qc2 Qe5 28.
Rd5 Qxb2 29. Qxe4 Qa1+ 30. Kh2 Qxa5 31. Rd6 Qc3 32. f4 h4 33. Qe7 1-0

[Event "24th Chicago Open"]
[Site "Wheeling, IL"]
[Date "2015.05.23"]
[Round "4.1"]
[White "Batista, Lazaro"]
[Black "Sevian, Samuel"]
[Result "1/2-1/2"]
[WhiteElo "2684"]
[BlackElo "2565"]
[PlyCount "79"]
[EventDate "2015.05.??"]
[EventType "swiss"]
[EventRounds "9"]
[EventCountry "USA"]
[Source "MonRoi"]
[WhiteClock "0:00:25"]
[BlackClock "0:06:50"]

1. c4 Nf6 2. Nc3 e5 3. Nf3 Nc6 4. e3 Bb4 5. Qc2 Bxc3 6. Qxc3 Qe7 7. Be2 d5 8.
d4 exd4 9. Nxd4 Nxd4 10. Qxd4 O-O 11. cxd5 Rd8 12. Qh4 Nxd5 13. Qxe7 Nxe7 14.
Bd2 Be6 15. b3 c5 16. O-O-O f6 17. Kb2 Rac8 18. Ba5 b6 19. Rxd8+ Rxd8 20. Bc3
Kf7 21. Rc1 Nc6 22. f3 a5 23. a3 Ne7 24. Be1 Nf5 25. Bf2 h5 26. Rd1 Rxd1 27.
Bxd1 Ke7 28. Kc3 Nd6 29. e4 f5 30. exf5 Bxf5 31. Be2 Kd7 32. Be3 Kc6 33. g4 Bg6
34. Bf4 Bf7 35. Be5 g6 36. a4 b5 37. axb5+ Nxb5+ 38. Bxb5+ Kxb5 39. gxh5 gxh5
40. h4 1/2-1/2

[Event "24th Chicago Open"]
[Site "Wheeling, IL"]
[Date "2015.05.23"]
[Round "4.3"]
[White "Nyzhnyk, Illia"]
[Black "Gorovets, Andrey"]
[Result "1/2-1/2"]
[WhiteElo "2622"]
[BlackElo "2513"]
[PlyCount "62"]
[EventDate "2015.05.??"]
[EventType "swiss"]
[EventRounds "9"]
[EventCountry "USA"]
[Source "MonRoi"]
[WhiteClock "0:31:09"]
[BlackClock "0:12:27"]

1. d4 e6 2. c4 f5 3. Nf3 Nf6 4. g3 d5 5. Bg2 c6 6. O-O Bd6 7. b3 Qe7 8. a4 a5
9. Ba3 O-O 10. Bxd6 Qxd6 11. Nbd2 Na6 12. Qc2 Nb4 13. Qb2 b6 14. Rac1 Ba6 15.
Rfd1 Rac8 16. Ne5 c5 17. dxc5 bxc5 18. e3 Rfd8 19. Ndf3 Ne4 20. h4 Qe7 21. Qa1
Qf6 22. Ne1 Rd6 23. Bxe4 fxe4 24. f4 Qd8 25. Rd2 d4 26. Nc2 Qb6 27. Nxb4 Qxb4
28. Qb2 Rcd8 29. Rcd1 h5 30. Kf1 Bb7 31. Ke2 Qb6 1/2-1/2

[Event "24th Chicago Open"]
[Site "Wheeling, IL"]
[Date "2015.05.23"]
[Round "4.4"]
[White "Dobrov, Vladimir"]
[Black "Naroditsky, Daniel"]
[Result "1/2-1/2"]
[WhiteElo "2490"]
[BlackElo "2622"]
[PlyCount "47"]
[EventDate "2015.05.??"]
[EventType "swiss"]
[EventRounds "9"]
[EventCountry "USA"]
[Source "MonRoi"]
[WhiteClock "1:23:24"]
[BlackClock "0:44:55"]

1. d4 Nf6 2. c4 e6 3. Nf3 d5 4. Nc3 Bb4 5. Bg5 dxc4 6. e4 c5 7. Bxc4 cxd4 8.
Nxd4 Bxc3+ 9. bxc3 Qa5 10. Bxf6 Qxc3+ 11. Kf1 gxf6 12. Rc1 Qa5 13. Bb5+ Ke7 14.
e5 fxe5 15. Qh5 Nd7 16. Qg5+ Kf8 17. Rxc8+ Rxc8 18. Bxd7 Qd8 19. Nxe6+ fxe6 20.
Qh6+ Kf7 21. Qxe6+ Kf8 22. Qh6+ Kf7 23. Qe6+ Kf8 24. Qh6+ 1/2-1/2

[Event "24th Chicago Open"]
[Site "Wheeling, IL"]
[Date "2015.05.23"]
[Round "4"]
[White "Bregadze, Levan"]
[Black "Holt, Conrad"]
[Result "1/2-1/2"]
[WhiteElo "2484"]
[BlackElo "2533"]
[PlyCount "94"]
[EventDate "2015.05.??"]
[EventType "swiss"]
[EventRounds "9"]
[EventCountry "USA"]
[Source "MonRoi"]

1. Nf3 d5 2. d4 Nf6 3. c4 c6 4. e3 e6 5. Bd3 dxc4 6. Bxc4 Nbd7 7. Nc3 b5 8. Bd3
Bb7 9. O-O a6 10. e4 c5 11. d5 Qc7 12. dxe6 fxe6 13. e5 Nxe5 14. Nxe5 Qxe5 15.
Re1 Qd6 16. Qe2 Kf7 17. Bg5 Qc6 18. f3 c4 19. Bc2 Be7 20. Kh1 Rhe8 21. Rad1
Rad8 22. Rxd8 Bxd8 23. Ne4 Qc7 24. Bxf6 Bxf6 25. b3 Bd5 26. bxc4 Bxc4 27. Bd3
Rd8 28. Bxc4 Qxc4 29. Qe3 Qd4 30. Qc1 Be7 31. h3 Qd5 32. Qc7 b4 33. Rc1 h6 34.
Qa7 Qxa2 35. Qb7 Kf8 36. Rc7 Qa1+ 37. Kh2 Qe5+ 38. Kg1 Qa1+ 39. Kf2 Qd4+ 40.
Ke2 Qb2+ 41. Ke3 Qd4+ 42. Ke2 Bh4 43. g3 Bxg3 44. Nxg3 Qd2+ 45. Kf1 Qd1+ 46.
Kf2 Qd4+ 47. Ke2 Qd1+ 1/2-1/2

[Event "24th Chicago Open"]
[Site "Wheeling, IL"]
[Date "2015.05.23"]
[Round "4"]
[White "Brown, Michael"]
[Black "Suarez, Isan"]
[Result "0-1"]
[WhiteElo "2337"]
[BlackElo "2581"]
[PlyCount "88"]
[EventDate "2015.05.??"]
[EventType "swiss"]
[EventRounds "9"]
[EventCountry "USA"]
[Source "MonRoi"]

1. d4 Nf6 2. c4 e6 3. Nc3 c5 4. d5 exd5 5. cxd5 d6 6. Nf3 g6 7. h3 Bg7 8. Bf4
O-O 9. e3 a6 10. a4 Re8 11. Nd2 Nbd7 12. Be2 Ne5 13. O-O Nfd7 14. Qb3 f5 15.
Rfe1 Rb8 16. Bh2 Qc7 17. Bf1 g5 18. f4 Nf7 19. Nc4 b6 20. Nd2 Nf6 21. Bd3 gxf4
22. exf4 Rxe1+ 23. Rxe1 b5 24. axb5 axb5 25. Bxb5 Bd7 26. Qc4 Bxb5 27. Nxb5 Qa5
28. Nc3 Rxb2 29. Rd1 Rc2 30. Ndb1 Ne4 31. Qb3 Rxc3 32. Nxc3 Qxc3 33. Qxc3 Nxc3
34. Rd3 Bd4+ 35. Kf1 Nxd5 36. Ke2 Nd8 37. Kf3 Nc6 38. g4 c4 39. Rd1 c3 40. gxf5
c2 41. Rc1 Ndb4 42. Ke2 Bb2 43. Rg1+ Kf7 44. Kd2 Nd4 0-1

[Event "24th Chicago Open"]
[Site "Wheeling, IL"]
[Date "2015.05.23"]
[Round "4"]
[White "Stukopin, Andrey"]
[Black "Wang, Kevin"]
[Result "1-0"]
[WhiteElo "2573"]
[BlackElo "2367"]
[PlyCount "167"]
[EventDate "2015.05.??"]
[EventType "swiss"]
[EventRounds "9"]
[EventCountry "USA"]
[Source "MonRoi"]

1. e4 c5 2. Nf3 d6 3. d4 cxd4 4. Nxd4 Nf6 5. Nc3 a6 6. Be3 e5 7. Nb3 Be6 8. h3
Nc6 9. Qf3 Rc8 10. O-O-O Nb4 11. Kb1 Qc7 12. Bg5 Be7 13. a3 Nc6 14. Nd5 Nxd5
15. exd5 Bxd5 16. Qxd5 Bxg5 17. Qxd6 Qxd6 18. Rxd6 Be7 19. Rd5 Rd8 20. Bc4 O-O
21. Rhd1 Rxd5 22. Bxd5 Rd8 23. Rd3 g6 24. Bxc6 bxc6 25. Na5 Rc8 26. Rd7 Bc5 27.
f3 f5 28. b4 Bf8 29. c4 e4 30. fxe4 fxe4 31. Kc2 e3 32. Kd3 c5 33. b5 axb5 34.
cxb5 c4+ 35. Kxe3 Rc5 36. Kd2 c3+ 37. Kc2 Rxb5 38. Nc4 h5 39. Kxc3 Rg5 40. Rd2
Rg3+ 41. Kb2 Bg7+ 42. Ka2 Rc3 43. Nd6 Bf8 44. Nb5 Rc5 45. Nd4 Rc3 46. Nc2 g5
47. a4 g4 48. hxg4 hxg4 49. Kb2 Bg7 50. Kb1 Kh7 51. Rd7 Kg6 52. a5 Rb3+ 53. Kc1
Bh6+ 54. Kd1 Rb1+ 55. Ke2 Rb2 56. Kd3 Ra2 57. Rd6+ Kg5 58. a6 Bf8 59. Rc6 Kh4
60. Ne3 Ra3+ 61. Ke4 Ra4+ 62. Kd5 Ra5+ 63. Kc4 Ra3 64. Nf5+ Kg5 65. Nd4 Ra4+
66. Kd5 Kh4 67. Nb5 Ra5 68. Kc4 Ra4+ 69. Kd3 Bc5 70. Rxc5 Rxa6 71. Rc2 Kg3 72.
Nc3 Kh2 73. Ne4 Ra3+ 74. Kd4 g3 75. Nf6 Ra4+ 76. Ke5 Rb4 77. Kf5 Ra4 78. Kg5
Ra1 79. Ng4+ Kh1 80. Kf4 Rg1 81. Ne3 Kh2 82. Rc5 Re1 83. Rh5+ Kg1 84. Rg5 1-0

[Event "24th Chicago Open"]
[Site "Wheeling, IL"]
[Date "2015.05.23"]
[Round "4"]
[White "Troff, Kayden"]
[Black "Gurevich, Daniel"]
[Result "1-0"]
[WhiteElo "2556"]
[BlackElo "2366"]
[PlyCount "79"]
[EventDate "2015.05.??"]
[EventType "swiss"]
[EventRounds "9"]
[EventCountry "USA"]
[Source "MonRoi"]

1. d4 Nf6 2. c4 e6 3. Nf3 Bb4+ 4. Nbd2 O-O 5. a3 Be7 6. e3 b6 7. Qc2 c5 8. Bd3
cxd4 9. Nxd4 Nc6 10. O-O Nxd4 11. exd4 d5 12. c5 bxc5 13. dxc5 a5 14. Rb1 a4
15. b4 axb3 16. Nxb3 Ba6 17. Bb2 Bxd3 18. Qxd3 Ne4 19. Rfc1 Bf6 20. Bxf6 Nxf6
21. Nd4 e5 22. Nf5 d4 23. Rb6 Nh5 24. Qf3 Qg5 25. Rcb1 e4 26. Qxe4 Rae8 27. h4
Rxe4 28. hxg5 Re5 29. g4 d3 30. Rb8 Nf4 31. c6 Nd5 32. Rxf8+ Kxf8 33. Rd1 Nf4
34. c7 Rc5 35. Rb1 Ke8 36. c8=Q+ Rxc8 37. Nd6+ Kf8 38. Nxc8 Ne2+ 39. Kf1 Nc3
40. Rb2 1-0

[Event "24th Chicago Open"]
[Site "Wheeling, IL"]
[Date "2015.05.23"]
[Round "4"]
[White "Molner, Mackenzie"]
[Black "Burnett, Ronald"]
[Result "1-0"]
[WhiteElo "2507"]
[BlackElo "2349"]
[PlyCount "55"]
[EventDate "2015.05.??"]
[EventType "swiss"]
[EventRounds "9"]
[EventCountry "USA"]
[Source "MonRoi"]

1. e4 d6 2. d4 g6 3. c4 Bg7 4. Nc3 Nd7 5. Nf3 e5 6. Be2 Ne7 7. O-O O-O 8. Be3
exd4 9. Nxd4 Nc5 10. Qd2 Bd7 11. Rad1 Nc6 12. f4 Re8 13. Bf3 Nxd4 14. Bxd4 Bc6
15. Bxg7 Kxg7 16. b4 Ne6 17. b5 Bd7 18. e5 c6 19. exd6 Qb6+ 20. Kh1 f5 21. Na4
Qd8 22. bxc6 bxc6 23. Nb2 Rc8 24. Nd3 c5 25. Rb1 Bc6 26. Bxc6 Rxc6 27. Rb7+ Kg8
28. d7 1-0

[Event "24th Chicago Open"]
[Site "Wheeling, IL"]
[Date "2015.05.23"]
[Round "4"]
[White "Griffith, Kyron"]
[Black "Friedel, Joshua"]
[Result "1/2-1/2"]
[WhiteElo "2303"]
[BlackElo "2505"]
[PlyCount "77"]
[EventDate "2015.05.??"]
[EventType "swiss"]
[EventRounds "9"]
[EventCountry "USA"]
[Source "MonRoi"]

1. e4 e5 2. Nf3 Nc6 3. Nc3 Nf6 4. d4 exd4 5. Nxd4 Bb4 6. Nxc6 bxc6 7. Bd3 O-O
8. O-O d5 9. exd5 cxd5 10. h3 Rb8 11. Qf3 c6 12. Bf4 Bd6 13. b3 Rb7 14. Rfe1
Be6 15. Ne2 c5 16. Rad1 Rd7 17. c3 Qb8 18. Bxd6 Rxd6 19. Nf4 Qd8 20. Rd2 Bd7
21. Rde2 a5 22. c4 d4 23. Re5 Qb6 24. Qg3 h6 25. Qh4 Bc6 26. Nh5 Nxh5 27. Qxh5
Qb4 28. Qf5 g6 29. Qg4 a4 30. bxa4 Qxa4 31. Rh5 Qxa2 32. Qf4 gxh5 33. Qg3+ Rg6
34. Bxg6 Qd2 35. Be4+ Kh8 36. Qe5+ f6 37. Qe7 Qxe1+ 38. Kh2 Qxe4 39. Qxf8+
1/2-1/2

[Event "24th Chicago Open"]
[Site "Wheeling, IL"]
[Date "2015.05.23"]
[Round "4"]
[White "Song, Michael"]
[Black "Mitkov, Nikola"]
[Result "1-0"]
[WhiteElo "2315"]
[BlackElo "2479"]
[PlyCount "117"]
[EventDate "2015.05.??"]
[EventType "swiss"]
[EventRounds "9"]
[EventCountry "USA"]
[Source "MonRoi"]

1. e4 e5 2. Nf3 Nc6 3. Nc3 Nf6 4. d4 exd4 5. Nxd4 Bb4 6. Nxc6 bxc6 7. Bd3 d5 8.
exd5 cxd5 9. O-O O-O 10. h3 c6 11. Qf3 Rb8 12. Bf4 Bd6 13. b3 Qc7 14. Bxd6 Qxd6
15. Rfe1 Bd7 16. Ne2 Rfe8 17. Qf4 Qxf4 18. Nxf4 a5 19. f3 Kf8 20. Kf2 Rb4 21.
Rxe8+ Bxe8 22. Ke3 Ke7 23. c3 Rb8 24. h4 h6 25. g4 Bd7 26. g5 Ng8 27. Rg1 Re8
28. g6 Kd6+ 29. Kf2 Re7 30. gxf7 Rxf7 31. Nh5 Kc5 32. Ke3 Re7+ 33. Kd2 Nf6 34.
Rxg7 Rxg7 35. Nxg7 d4 36. Bf5 dxc3+ 37. Kxc3 Nd5+ 38. Kd2 Bxf5 39. Nxf5 h5 40.
a3 Kb5 41. Kd3 Nf4+ 42. Ke4 Ng6 43. Nd4+ Kc5 44. Ne6+ Kb5 45. Nd4+ Kc5 46. Nf5
Kb5 47. f4 a4 48. Nd4+ Kb6 49. bxa4 Nxh4 50. Nb3 c5 51. a5+ Kb5 52. a6 Kxa6 53.
Nxc5+ Kb5 54. Ne6 Ka4 55. Nd4 Kxa3 56. Nf3 Ng6 57. f5 Nf8 58. f6 Kb4 59. Kd5
1-0